000 00626nam a22002417a 4500
001 14456
003 BD-JhCC
005 20251129120459.0
008 251129b |||||||| |||| 00| 0 eng d
020 _a9780141398631
035 _a(BD-JhCC) 14456
040 _aBD-JhCC
_dBD-JhCC
041 _aeng
082 _223
_a914.5
_bLAW
100 _aLawrence, D.H
245 _aIl Duro /
_cD. H. Lawrence
260 _aLondon:
_bPenguin Books,
_c2015
300 _a54p.;
_c17 cm.
_ePaper
490 _a Penguin little black classics,
_vN° 71
650 _aItaly Description and travel
650 _aTravel
942 _2ddc
_cBK
999 _c14456
_d14456